[Event "Stay Safe Play From Home 362"]
[Site "Emanuel Lasker Arena"]
[Date "2020.08.06"]
[Round "8"]
[White "Eidgenosse"]
[Black "Sfantul321"]
[Result "1-0"]
[WhiteElo "2468"]
[BlackElo "1984"]
[Annotator "NA RC"]
[PlyCount "61"]
[EventDate "2020.08.06"]
[EventType "swiss (blitz)"]

1. Nf3 {[%emt 0:00:02]} c5 {[%emt 0:00:05]} 2. e3 {[%emt 0:00:01]} Nc6 {[%emt 0:00:00]} 3. c4 {[%emt 0:00:00]} e6 {[%emt 0:00:01]} 4. Nc3 {[%emt 0:00:01]} d5 {[%emt 0:00:00]} 5. d4 {[%emt 0:00:00]} cxd4 {[%emt 0:00:01]} 6. exd4 {[%emt 0:00:01]} dxc4 {[%emt 0:00:01]} 7. Bxc4 {[%emt 0:00:00]} Nf6 {[%emt 0:00:00]} 8. O-O {[%emt 0:00:01]} Bd6 {[%emt 0:00:01]} 9. Bg5 {[%emt 0:00:01]} O-O {[%emt 0:00:01]} 10. Re1 {[%emt 0:00:00]} h6 {[%emt 0:00:00]} 11. Bh4 {[%emt 0:00:01]} Be7 {[%emt 0:00:01]} 12. a3 {[%emt 0:00:02]} a6 {[%emt 0:00:01]} 13. Rc1 {[%emt 0:00:01]} b5 {[%emt 0:00:00]} 14. Ba2 {[%emt 0:00:01]} Bb7 {[%emt 0:00:00]} 15. Bb1 {[%emt 0:00:01]} Na5 {[%emt 0:00:02]} 16. Qd3 {[%emt 0:00:02]} g6 {[%emt 0:00:01]} 17. Ne5 {[%emt 0:00:02]} Nb3 {[%emt 0:00:07]} 18. Nxg6 {[%emt 0:00:01]} Nxc1 {[%emt 0:00:01]} 19. Nxe7+ {[%emt 0:00:02]} Qxe7 {[%emt 0:00:02]} 20. Rxc1 {[%emt 0:00:02]} Rfd8 {[%emt 0:00:07]} 21. Qe3 {[%emt 0:00:04]} Kg7 {[%emt 0:00:02]} 22. Qg3+ {[%emt 0:00:04]} Kf8 {[%emt 0:00:02]} 23. Qf4 {[%emt 0:00:01]} Kg7 {[%emt 0:00:01]} 24. Re1 {[%emt 0:00:01]} Bd5 {[%emt 0:00:02]} 25. Re3 {[%emt 0:00:02]} Rg8 {[%emt 0:00:02]} 26. Rg3+ {[%emt 0:00:01]} Kf8 {[%emt 0:00:01]} 27. Bxf6 {[%emt 0:00:01]} Qd7 {[%emt 0:00:03]} 28. Rxg8+ {[%emt 0:00:01]} Kxg8 {[%emt 0:00:01]} 29. Qg4+ {[%emt 0:00:00]} Kf8 {[%emt 0:00:02]} 30. Qg7+ {[%emt 0:00:00]} Ke8 {[%emt 0:00:00]} 31. Qg8# {[%emt 0:00:00] (Lag: Av=0.22s, max=0.7s) (Lag: Av=0.22s, max=0.7s) (Lag: Av=0.22s, max=0.7s) (Lag: Av=0.22s, max=0.7s) (Lag: Av=0.22s, max=0.7s)} 1-0

[Event "Stay Safe Play From Home 362"]
[Site "Emanuel Lasker Arena"]
[Date "2020.08.06"]
[Round "8"]
[White "Lamborghini"]
[Black "Haris kollari 13"]
[Result "1-0"]
[WhiteElo "2344"]
[BlackElo "1714"]
[Annotator "NA RC"]
[PlyCount "93"]
[EventDate "2020.08.06"]
[EventType "swiss (blitz)"]

1. e4 {[%emt 0:00:04]} e6 {[%emt 0:00:00]} 2. d4 {[%emt 0:00:01]} d5 {[%emt 0:00:00]} 3. Nc3 {[%emt 0:00:00]} Nf6 {[%emt 0:00:01]} 4. Bg5 {[%emt 0:00:01]} Be7 {[%emt 0:00:02]} 5. e5 {[%emt 0:00:00]} Nfd7 {[%emt 0:00:01]} 6. Bxe7 {[%emt 0:00:00]} Qxe7 {[%emt 0:00:01]} 7. f4 {[%emt 0:00:00]} a6 {[%emt 0:00:01]} 8. Nf3 {[%emt 0:00:00]} c5 {[%emt 0:00:02]} 9. Qd2 {[%emt 0:00:00]} Nc6 {[%emt 0:00:01]} 10. dxc5 {[%emt 0:00:00]} Qxc5 {[%emt 0:00:01]} 11. Bd3 {[%emt 0:00:00]} b5 {[%emt 0:00:01]} 12. O-O-O {[%emt 0:00:00]} b4 {[%emt 0:00:01]} 13. Ne2 {[%emt 0:00:01]} a5 {[%emt 0:00:01]} 14. Kb1 {[%emt 0:00:01]} Ba6 {[%emt 0:00:01]} 15. Bxa6 {[%emt 0:00:01]} Rxa6 {[%emt 0:00:01]} 16. h4 {[%emt 0:00:00]} O-O {[%emt 0:00:01]} 17. h5 {[%emt 0:00:01]} Rc8 {[%emt 0:00:01]} 18. h6 {[%emt 0:00:01]} g6 {[%emt 0:00:01]} 19. Rh3 {[%emt 0:00:02]} Ne7 {[%emt 0:00:01]} 20. Ned4 {[%emt 0:00:01]} Nb6 {[%emt 0:00:02]} 21. b3 {[%emt 0:00:02]} a4 {[%emt 0:00:01]} 22. Ng5 {[%emt 0:00:01]} Rca8 {[%emt 0:00:02]} 23. f5 {[%emt 0:00:05]} Nxf5 {[%emt 0:00:02]} 24. Nxf5 {[%emt 0:00:01]} exf5 {[%emt 0:00:01]} 25. e6 {[%emt 0:00:01]} axb3 {[%emt 0:00:03]} 26. exf7+ {[%emt 0:00:01]} Kf8 {[%emt 0:00:01]} 27. Ne6+ {[%emt 0:00:01]} Kxf7 {[%emt 0:00:02]} 28. Nxc5 {[%emt 0:00:00]} Rxa2 {[%emt 0:00:02]} 29. Qxb4 {[%emt 0:00:01]} bxc2+ {[%emt 0:00:04]} 30. Kc1 {[%emt 0:00:02]} cxd1=Q+ {[%emt 0:00:01]} 31. Kxd1 {[%emt 0:00:01]} Nc4 {[%emt 0:00:01]} 32. Nb3 {[%emt 0:00:02]} Rb2 {[%emt 0:00:03]} 33. Qb7+ {[%emt 0:00:02]} Kf6 {[%emt 0:00:01]} 34. Qxa8 {[%emt 0:00:01]} Rxb3 {[%emt 0:00:01]} 35. Rxb3 {[%emt 0:00:02]} Kg5 {[%emt 0:00:02]} 36. Qb8 {[%emt 0:00:01]} Kxh6 {[%emt 0:00:01]} 37. Qf4+ {[%emt 0:00:01]} Kg7 {[%emt 0:00:01]} 38. Rb7+ {[%emt 0:00:01]} Kf6 {[%emt 0:00:02]} 39. Qh4+ {[%emt 0:00:01]} Ke5 {[%emt 0:00:02]} 40. Qg3+ {[%emt 0:00:01]} Ke6 {[%emt 0:00:03]} 41. Qc7 {[%emt 0:00:02]} Ne3+ {[%emt 0:00:03]} 42. Ke2 {[%emt 0:00:01]} Nc4 {[%emt 0:00:01]} 43. Qf7+ {[%emt 0:00:01]} Kd6 {[%emt 0:00:01]} 44. Qg7 {[%emt 0:00:00]} Kc5 {[%emt 0:00:01]} 45. Rc7+ {[%emt 0:00:01]} Kb5 {[%emt 0:00:01]} 46. Qd4 {[%emt 0:00:00]} Nb6 {[%emt 0:00:02]} 47. Rc5+ {[%emt 0:00:00] Time Time Time Time Time (Lag: Av=0.44s, max=0.8s) (Lag: Av=0.44s, max=0.8s) (Lag: Av=0.44s, max=0.8s) (Lag: Av=0.44s, max=0.8s) (Lag: Av=0.44s, max=0.8s)} 1-0

[Event "Stay Safe Play From Home 362"]
[Site "Emanuel Lasker Arena"]
[Date "2020.08.06"]
[Round "8"]
[White "SelamiSahin"]
[Black "Gokerkan"]
[Result "0-1"]
[WhiteElo "2160"]
[BlackElo "2589"]
[Annotator "TA"]
[PlyCount "22"]
[EventDate "2020.08.06"]
[EventType "swiss (blitz)"]

{[%evp 10,22,81,54,58,58,69,38,44,7,14,-31,-9,-758,-754]} 1. d4 c5 2. d5 e5 3. c4 d6 4. Nc3 Be7 5. e4 Bg5 6. Bd3 (6. Bxg5 {seems wilder.} Qxg5 7. h4 Qd8 8. f3 h6 9. Qd2) 6... Bxc1 {A44: Semi-Benoni.} 7. Qxc1 Ne7 8. h3 O-O {[#]} 9. g4 $146 ({Predecessor:} 9. Nge2 f5 10. exf5 Bxf5 11. Bxf5 Nxf5 12. O-O Nd7 13. Ne4 Qh4 14. Ng5 h6 15. Ne6 {½-½ (39) Vacek,M (2210)-Moravec,M (2300) Czechia 1995}) 9... Ng6 10. Nf3 Nf4 11. Qe3 $2 {[%mdl 8192] [#]} (11. Qd2 $11) 11... Ng2+ {[%mdl 64] Double Attack. White got outplayed after the opening. Accuracy: White = 11%, Black = 100%.} 0-1

[Event "Stay Safe Play From Home 362"]
[Site "Emanuel Lasker Arena"]
[Date "2020.08.06"]
[Round "8"]
[White "Stefanone"]
[Black "Ao017545"]
[Result "1-0"]
[WhiteElo "1950"]
[BlackElo "1574"]
[Annotator "NA RC"]
[PlyCount "125"]
[EventDate "2020.08.06"]
[EventType "swiss (blitz)"]

1. d4 {[%emt 0:00:01]} e5 {[%emt 0:00:01]} 2. e3 {[%emt 0:00:00]} exd4 {[%emt 0:00:01]} 3. exd4 {[%emt 0:00:00]} Nf6 {[%emt 0:00:01]} 4. c3 {[%emt 0:00:01]} Be7 {[%emt 0:00:02]} 5. f4 {[%emt 0:00:00]} O-O {[%emt 0:00:00]} 6. Nf3 {[%emt 0:00:00]} Re8 {[%emt 0:00:00]} 7. Be2 {[%emt 0:00:01]} d5 {[%emt 0:00:04]} 8. O-O {[%emt 0:00:00]} c5 {[%emt 0:00:00]} 9. Ne5 {[%emt 0:00:01]} cxd4 {[%emt 0:00:00]} 10. cxd4 {[%emt 0:00:01]} Nbd7 {[%emt 0:00:01]} 11. Bf3 {[%emt 0:00:01]} Nxe5 {[%emt 0:00:02]} 12. dxe5 {[%emt 0:00:01]} Ne4 {[%emt 0:00:01]} 13. Nc3 {[%emt 0:00:01]} Nxc3 {[%emt 0:00:02]} 14. bxc3 {[%emt 0:00:00]} Bc5+ {[%emt 0:00:03]} 15. Kh1 {[%emt 0:00:01]} Be6 {[%emt 0:00:01]} 16. Qe2 {[%emt 0:00:02]} d4 {[%emt 0:00:01]} 17. cxd4 {[%emt 0:00:03]} Qxd4 {[%emt 0:00:00]} 18. Bb2 {[%emt 0:00:01]} Qe3 {[%emt 0:00:02]} 19. Qxe3 {[%emt 0:00:01]} Bxe3 {[%emt 0:00:00]} 20. Rae1 {[%emt 0:00:01]} Bxf4 {[%emt 0:00:01]} 21. Bxb7 {[%emt 0:00:01]} Rab8 {[%emt 0:00:04]} 22. Rxf4 {[%emt 0:00:02]} Rxb7 {[%emt 0:00:01]} 23. Bd4 {[%emt 0:00:01]} Rd7 {[%emt 0:00:02]} 24. Bf2 {[%emt 0:00:02]} Red8 {[%emt 0:00:01]} 25. Rfe4 {[%emt 0:00:01]} Bxa2 {[%emt 0:00:02]} 26. Bg3 {[%emt 0:00:03]} Be6 {[%emt 0:00:00]} 27. h3 {[%emt 0:00:01]} Rd1 {[%emt 0:00:01]} 28. Kh2 {[%emt 0:00:01]} Rxe1 {[%emt 0:00:02]} 29. Rxe1 {[%emt 0:00:00]} a5 {[%emt 0:00:01]} 30. Ra1 {[%emt 0:00:01]} Ra8 {[%emt 0:00:02]} 31. Bf2 {[%emt 0:00:01]} a4 {[%emt 0:00:01]} 32. Bc5 {[%emt 0:00:01]} Bb3 {[%emt 0:00:01]} 33. Ra3 {[%emt 0:00:03]} Re8 {[%emt 0:00:01]} 34. Bd6 {[%emt 0:00:01]} f6 {[%emt 0:00:05]} 35. exf6 {[%emt 0:00:03]} gxf6 {[%emt 0:00:00]} 36. Kg3 {[%emt 0:00:01]} Re6 {[%emt 0:00:02]} 37. Bf4 {[%emt 0:00:00]} Kf7 {[%emt 0:00:01]} 38. Kf3 {[%emt 0:00:01]} Kg6 {[%emt 0:00:00]} 39. g4 {[%emt 0:00:01]} Bd1+ {[%emt 0:00:01]} 40. Kg3 {[%emt 0:00:01]} Bb3 {[%emt 0:00:00]} 41. h4 {[%emt 0:00:01]} f5 {[%emt 0:00:00]} 42. g5 {[%emt 0:00:01]} Rc6 {[%emt 0:00:02]} 43. Kf3 {[%emt 0:00:01]} Rc3+ {[%emt 0:00:00]} 44. Ke2 {[%emt 0:00:02]} Rh3 {[%emt 0:00:00]} 45. Be5 {[%emt 0:00:01]} Rxh4 {[%emt 0:00:00]} 46. Bd6 {[%emt 0:00:01]} Re4+ {[%emt 0:00:00]} 47. Kd3 {[%emt 0:00:01]} Rg4 {[%emt 0:00:00]} 48. Kc3 {[%emt 0:00:00]} Rg3+ {[%emt 0:00:01]} 49. Kb4 {[%emt 0:00:01]} Rg4+ {[%emt 0:00:00]} 50. Kc5 {[%emt 0:00:01]} Rxg5 {[%emt 0:00:00]} 51. Kc6 {[%emt 0:00:01]} f4 {[%emt 0:00:00]} 52. Kd7 {[%emt 0:00:00]} Rf5 {[%emt 0:00:00]} 53. Be7 {[%emt 0:00:00]} f3 {[%emt 0:00:01]} 54. Bd6 {[%emt 0:00:00]} f2 {[%emt 0:00:00]} 55. Bc5 {[%emt 0:00:00]} f1=Q {[%emt 0:00:00]} 56. Ra2 {[%emt 0:00:01]} Qb5+ {[%emt 0:00:00]} 57. Kd6 {[%emt 0:00:01]} Qa6+ {[%emt 0:00:00]} 58. Bb6 {[%emt 0:00:02]} Rf7 {[%emt 0:00:00]} 59. Kc5 {[%emt 0:00:00]} Qb7 {[%emt 0:00:02]} 60. Kd4 {[%emt 0:00:00]} Qd5+ {[%emt 0:00:01]} 61. Kc3 {[%emt 0:00:01]} Rf3+ {[%emt 0:00:00]} 62. Kb4 {[%emt 0:00:00]} Qc4+ {[%emt 0:00:01]} 63. Ka5 {[%emt 0:00:00] Zaman Zaman Zaman Zaman Zaman (Lag: Av=0.61s, max=1.1s) (Lag: Av=0.61s, max=1.1s) (Lag: Av=0.61s, max=1.1s) (Lag: Av=0.61s, max=1.1s) (Lag: Av=0.61s, max=1.1s)} 1-0

[Event "Stay Safe Play From Home 362"]
[Site "Emanuel Lasker Arena"]
[Date "2020.08.06"]
[Round "8"]
[White "Greblha"]
[Black "Nuktotitakoi"]
[Result "0-1"]
[WhiteElo "1947"]
[BlackElo "2483"]
[Annotator "TA"]
[PlyCount "64"]
[EventDate "2020.08.06"]
[EventType "swiss (blitz)"]

{[%evp 13,64,30,32,29,36,4,18,8,36,36,39,37,25,-84,-82,-100,-81,-96,-25,-136,-145,-685,-366,-447,-306,-301,-300,-282,-275,-277,-292,-291,-275,-671,-672,-593,-664,-648,-610,-988,-969,-1986,-1430,-1427,-1388,-1380,-1358,-1278,-1278,-29979,-29980,-29983,-29984]} 1. e4 d6 2. d4 Nf6 3. Nc3 g6 4. f3 c6 5. Be3 b5 6. Qd2 Nbd7 7. Nge2 {7.0-0-0 is becoming the main line.} Nb6 8. Ng3 {B07: Pirc Defence: Miscellaneous Systems.} h5 9. h4 Bg7 10. Bd3 {[#] The position is equal.} Nc4 $146 ({Predecessor:} 10... Nfd7 11. a4 Nc4 12. Bxc4 bxc4 13. a5 Rb8 14. Ra2 Nf8 15. O-O d5 16. f4 Bf6 {1-0 (42) Carroll,P (2196)-Degterev,P (2025) IECG email 2006}) 11. Bxc4 $1 bxc4 12. O-O Rb8 13. Bg5 (13. Rab1 $11) 13... Rxb2 $17 14. Rab1 Rxb1 15. Rxb1 Nh7 (15... d5 $17 16. e5 Nd7) 16. Rb8 (16. Bh6 $11 Bf6 17. Nge2) 16... Nxg5 17. Qxg5 $2 {[%mdl 8192] Loses the game.} (17. hxg5 $17 d5 18. Nge2) 17... Qc7 18. Nf5 {[#] Black must now prevent Rxc8+!} Bf6 19. Rxc8+ Qxc8 20. Qxf6 exf6 21. Nxd6+ Kd7 22. Nxc8 Rxc8 $19 {[%mdl 4096] Endgame KR-KN} ({Much less strong is} 22... Kxc8 23. Kf2 $19) 23. d5 $2 (23. Kf1) 23... Rb8 24. dxc6+ Kxc6 25. Nd5 Rb2 26. Nxf6 Rxc2 27. e5 Rxa2 {[#] Strongly threatening ...c3.} 28. Ne4 Ra1+ 29. Kf2 Kd5 30. Ke3 Kxe5 31. Nd2 c3 32. Nc4+ Kd5 {Accuracy: White = 39%, Black = 58%.} 0-1

[Event "Stay Safe Play From Home 362"]
[Site "Emanuel Lasker Arena"]
[Date "2020.08.06"]
[Round "8"]
[White "Buzaglo"]
[Black "Klasman"]
[Result "1-0"]
[WhiteElo "1815"]
[BlackElo "1397"]
[Annotator "NA RC"]
[PlyCount "61"]
[EventDate "2020.08.06"]
[EventType "swiss (blitz)"]

1. d4 {[%emt 0:00:00]} f5 {[%emt 0:00:02]} 2. Nf3 {[%emt 0:00:00]} Nf6 {[%emt 0:00:01]} 3. g3 {[%emt 0:00:00]} e6 {[%emt 0:00:01]} 4. Bg2 {[%emt 0:00:00]} d5 {[%emt 0:00:01]} 5. O-O {[%emt 0:00:00]} c5 {[%emt 0:00:01]} 6. c4 {[%emt 0:00:00]} cxd4 {[%emt 0:00:02]} 7. cxd5 {[%emt 0:00:01]} exd5 {[%emt 0:00:03]} 8. Qxd4 {[%emt 0:00:00]} Nc6 {[%emt 0:00:02]} 9. Qa4 {[%emt 0:00:02]} Bd7 {[%emt 0:00:04]} 10. Qc2 {[%emt 0:00:00]} Bd6 {[%emt 0:00:03]} 11. Nc3 {[%emt 0:00:01]} O-O {[%emt 0:00:01]} 12. Rd1 {[%emt 0:00:01]} Be6 {[%emt 0:00:02]} 13. Nd4 {[%emt 0:00:01]} Nxd4 {[%emt 0:00:02]} 14. Rxd4 {[%emt 0:00:00]} Be5 {[%emt 0:00:03]} 15. Rd1 {[%emt 0:00:01]} Rc8 {[%emt 0:00:04]} 16. Qa4 {[%emt 0:00:04]} d4 {[%emt 0:00:03]} 17. Nb5 {[%emt 0:00:06]} a6 {[%emt 0:00:02]} 18. Na3 {[%emt 0:00:01]} b5 {[%emt 0:00:04]} 19. Qb4 {[%emt 0:00:03]} Rc4 {[%emt 0:00:02]} 20. Nxc4 {[%emt 0:00:02]} Bxc4 {[%emt 0:00:01]} 21. Bg5 {[%emt 0:00:02]} Bxe2 {[%emt 0:00:01]} 22. Re1 {[%emt 0:00:02]} d3 {[%emt 0:00:01]} 23. Bd2 {[%emt 0:00:06]} Bd4 {[%emt 0:00:02]} 24. Qb3+ {[%emt 0:00:05]} Kh8 {[%emt 0:00:03]} 25. Be3 {[%emt 0:00:03]} Qb6 {[%emt 0:00:02]} 26. Bxd4 {[%emt 0:00:01]} Qxd4 {[%emt 0:00:01]} 27. Rad1 {[%emt 0:00:02]} Ng4 {[%emt 0:00:01]} 28. Rf1 {[%emt 0:00:05]} Bxf1 {[%emt 0:00:02]} 29. Rxf1 {[%emt 0:00:00]} d2 {[%emt 0:00:01]} 30. Qd1 {[%emt 0:00:03]} Ne3 {[%emt 0:00:02]} 31. fxe3 {[%emt 0:00:01] Time Time Time Time Time (Lag: Av=0.58s, max=1.1s) (Lag: Av=0.58s, max=1.1s) (Lag: Av=0.58s, max=1.1s) (Lag: Av=0.58s, max=1.1s) (Lag: Av=0.58s, max=1.1s)} 1-0

[Event "Stay Safe Play From Home 362"]
[Site "Emanuel Lasker Arena"]
[Date "2020.08.06"]
[Round "9"]
[White "Gokerkan"]
[Black "NTBT_DHS"]
[Result "0-1"]
[WhiteElo "2592"]
[BlackElo "2573"]
[Annotator "TA"]
[PlyCount "122"]
[EventDate "2020.08.06"]
[EventType "swiss (blitz)"]

{[%evp 14,121,54,51,69,19,96,32,43,47,38,25,51,14,85,79,68,64,127,103,126,128,179,173,212,202,257,260,285,324,308,296,310,283,356,358,352,352,341,341,337,352,343,343,456,460,460,460,460,465,482,468,448,361,349,328,374,368,437,435,672,672,672,665,650,608,589,586,687,608,630,550,610,612,632,540,617,525,658,646,617,617,606,543,667,610,1026,548,549,545,610,610,610,602,29995,591,618,32,32,31,34,30,35,0,0,0,41,0,0,-29999]} 1. e4 g6 2. d4 Bg7 3. Nf3 d6 4. Bd3 Nf6 5. h3 O-O 6. O-O c5 7. c3 Nc6 8. Re1 (8. d5 $5 {[%cal Rd5c6]} Ne5 9. Nxe5 dxe5 10. Qf3 $14) 8... Rb8 $5 {[%mdl 4] A promising side line. B07: Pirc Defence: Miscellaneous Systems.} 9. a4 a6 (9... cxd4 $11 10. cxd4 b6) 10. Nbd2 ({White should play} 10. d5 $16 Ne5 11. Nxe5 dxe5 12. a5) 10... b5 $14 {White is slightly better.} 11. axb5 axb5 12. Nf1 {[#]} b4 $146 ({Predecessor:} 12... Nd7 13. Be3 c4 14. Bc2 Qc7 15. N1h2 b4 16. Ba4 b3 17. Bxc6 Qxc6 18. d5 Qc7 {0-1 (36) Martin Barbero,R (2020)-Castillo Sanjuan,D (1944) Spain 2011}) 13. Ng3 e5 (13... Nd7 $11) 14. d5 $16 Ne7 15. cxb4 cxb4 ({Better is} 15... Rxb4 $14 16. Qc2 Bd7) 16. Be3 Nd7 17. Ra7 h6 (17... Bb7 $16 18. Qc2 b3) 18. Qc2 $36 {[%mdl 2048] Keeping Black busy.} Nb6 19. Rc1 Bb7 20. Qc7 Nexd5 21. exd5 Nxd5 {[#]} 22. Qxd8 $1 Rfxd8 23. Be4 {Rxb7! is the strong threat.} f5 24. Rxb7 fxe4 25. Rxb8 Rxb8 26. Nxe4 Nxe3 27. fxe3 d5 28. Nc5 d4 29. exd4 exd4 30. Ne6 Bf6 31. Nexd4 Rd8 32. Rc4 b3 33. Nxb3 Bxb2 34. Nbd4 Re8 35. Rc2 Ba3 36. Rc6 Bf8 (36... Kh7 $142 37. Ne6 g5) 37. Rxg6+ Kh7 38. Re6 Rd8 39. Re4 Bc5 40. Kf1 Bb6 41. Ne6 Ra8 42. Re1 Ra2 {Now ...Rf2+ and Black clings on.} 43. Ned4 Ra4 44. Rd1 Rb4 45. Ke2 Rb2+ 46. Rd2 Rb1 47. Kd3 Kg6 48. Ne2 Rb3+ 49. Kc2 Ra3 50. Nf4+ Kf5 51. Nd5 Ba5 52. Re2 {Threatening mate with Re5+.} Ra2+ 53. Kd3 {Re5+ would kill now.} Ra1 54. Ke3 (54. Re5+ $142 Kg6 55. Nh4+ Kf7 56. Re7+ Kg8 57. Nf6+ Kh8 58. Rh7#) 54... Rd1 55. Kf2 $2 (55. g4+ $18 Ke6 56. Nf4+ Kf7 57. Rc2) 55... Rxd5 $14 {[%mdl 4096] Endgame KRB-KRN} 56. g4+ Kf4 57. Kg2 Bb6 58. Ng1 Rd1 59. Nf3 Rd3 60. Nd2 Rg3+ 61. Kf1 $2 {[%mdl 8192] [#]} (61. Kh2 $11 Bg1+ 62. Kh1) 61... Rg1# {What a bad dream for White. Accuracy: White = 70%, Black = 39%.} 0-1

[Event "Stay Safe Play From Home 362"]
[Site "Emanuel Lasker Arena"]
[Date "2020.08.06"]
[Round "9"]
[White "Nuktotitakoi"]
[Black "Stefanone"]
[Result "1-0"]
[WhiteElo "2485"]
[BlackElo "1953"]
[Annotator "TA"]
[PlyCount "49"]
[EventDate "2020.08.06"]
[EventType "swiss (blitz)"]

{[%evp 9,49,35,57,-12,30,8,64,76,79,83,81,23,20,6,-4,-7,62,-4,0,-1,47,-10,-11,-12,-8,-157,63,81,225,15,36,29,27,2,7,10,227,224,588,583,1650,1615]} 1. e4 e6 2. Nc3 b6 3. Nf3 Bb7 4. d4 Nf6 5. e5 Nd5 6. Ne2 {[#] B00: Queen's Fianchetto Defence, Nimzowitsch Defence.} (6. Nxd5 $14 Bxd5 7. Bf4) 6... Be7 $146 ({Predecessor:} 6... c5 7. c3 Be7 8. Nf4 Nxf4 9. Bxf4 O-O 10. Be2 Nc6 11. O-O Rc8 12. Qd2 d5 13. exd6 Bxd6 {0-1 (53) Codispoti,M (1111)-Manca,M (1332) Cagliari 2018}) 7. c4 Nb4 (7... Bb4+ $11 8. Nd2 (8. Bd2 Bxd2+ 9. Qxd2 Ne7 $11) 8... Ne7) 8. a3 $14 {White is slightly better.} N4a6 9. b4 {Threatens to win with b5.} c5 10. b5 (10. bxc5 $16 O-O 11. Nf4) 10... Nc7 $11 11. Bb2 O-O 12. Ng3 f6 (12... f5 $11) 13. exf6 (13. Bd3 $14) 13... Bxf6 14. Be2 cxd4 15. Bxd4 (15. Nxd4 $14 d6 16. O-O) 15... d5 16. O-O dxc4 {aiming for ...Bxf3.} 17. Bxc4 (17. Bxf6 $11 Qxf6 18. Bxc4 Bxf3 19. gxf3) 17... Qe7 $2 {[#]} (17... Bxf3 $1 $17 18. Bxf6 Qxd1 19. Rfxd1 Bxd1) 18. Bxf6 $14 Qxf6 (18... Rxf6 $16 19. Ne5 a6) 19. Nd2 $2 (19. Qd6 $18 Qd8 20. Bxe6+ Nxe6 21. Qxe6+ Kh8 22. Rad1) 19... Nd5 20. Nde4 $36 {[%mdl 2048] White has the initiative.} Qe7 21. Qb3 Nd7 22. Rfe1 N7f6 $2 (22... Nf4 $11 {and Black has nothing to worry.}) 23. Ng5 $18 {[%mdl 64] [#] Discovered Attack} Qc5 $2 (23... Qd7 {is tougher.} 24. Nxe6 Rf7) 24. Nxe6 {[%mdl 64] Double Attack} Rfe8 25. Nxc5 {Accuracy: White = 51%, Black = 31%.} 1-0

[Event "Stay Safe Play From Home 362"]
[Site "Emanuel Lasker Arena"]
[Date "2020.08.06"]
[Round "9"]
[White "Uber_WING"]
[Black "Buzaglo"]
[Result "1-0"]
[WhiteElo "2444"]
[BlackElo "1818"]
[Annotator "TA"]
[PlyCount "165"]
[EventDate "2020.08.06"]
[EventType "swiss (blitz)"]

{[%evp 12,165,-12,-10,2,-27,22,4,16,23,42,40,231,256,513,307,299,316,303,303,453,429,514,512,488,454,453,316,325,316,445,423,423,351,415,362,358,363,343,336,371,366,471,446,404,295,390,-243,380,335,460,368,430,418,412,410,560,560,560,550,579,550,577,535,547,483,462,442,639,611,599,600,585,585,586,578,581,351,344,342,591,475,480,475,470,457,442,342,341,341,450,357,338,304,589,580,677,618,608,359,359,0,596,582,772,739,29990,718,5465,627,638,582,641,641,639,623,955,936,852,0,805,623,677,0,759,752,29968,29967,29969,29962,29979,29980,29991,29982,29991,29984,29991,29990,29992,29992,29992,29991,29992,29993,29993,29994,29995,29996,29997,29997,29997,29997,29997,29996,29996,441]} 1. e4 e6 2. Nc3 d5 3. g3 d4 4. Nce2 c5 5. d3 Nc6 6. Bg2 e5 7. f4 exf4 {B23: Closed Sicilian: Lines without g3.} 8. Bxf4 {[#]} f5 $146 ({Predecessor:} 8... Bd6 9. Nf3 Nge7 10. O-O Ng6 11. Qd2 O-O 12. Rae1 Bg4 13. Bxd6 Qxd6 14. Nf4 Bxf3 15. Bxf3 {0-1 (42) Spalir,B (2108)-Zelcic,R (2518) Slovenia 2015}) 9. Nf3 fxe4 {The position is equal.} 10. dxe4 Nf6 11. O-O Nxe4 $2 (11... Be7 $14) 12. Re1 {Strongly threatening Nexd4.} Bf5 $2 (12... Be7 {was called for.} 13. Ne5 Nxe5) 13. Nd2 Be7 14. Nxe4 {Threatens to win with Nd6+!} O-O 15. c3 Re8 (15... Kh8 $142 16. cxd4 cxd4) 16. cxd4 Nxd4 17. Nxd4 cxd4 18. Nd2 Qb6 19. Nb3 Rad8 20. Kh1 Bb4 (20... d3 $142 21. Rc1 Qg6) 21. Rxe8+ $18 Rxe8 22. Qf3 Kh8 23. Rd1 Bc2 24. Rf1 Be4 25. Qf2 Bxg2+ 26. Qxg2 Bc5 27. Nxc5 Qxc5 28. Rd1 Qc4 29. Qd2 $4 {[%mdl 8192]} (29. b3 $18 {and life is good for White.} Qc3 30. Qd5) 29... Rd8 $4 {[%mdl 8192]} (29... Re2 $19 {( -> ...Qd5+)} 30. Qxd4 Qc6+ 31. Qd5 Re1+ 32. Kg2 Rxd1 33. Qxc6 bxc6) 30. Kg1 {White stays focused until the end.} b5 31. Qf2 d3 32. b3 Qc3 33. Qe3 Qf6 34. Rxd3 Rf8 35. Rd6 Qf7 36. Re6 h6 37. Re7 Qf6 38. Re8 Qa1+ 39. Kg2 Qb2+ (39... Qxa2+ $142 40. Kh3 Rxe8 41. Qxe8+ {[%mdl 64] Double Attack} Kh7 42. Qxb5 Qc2) 40. Kh3 Qf6 41. Rxf8+ Qxf8 42. Be5 Qc8+ 43. Kg2 {Qxh6+ would kill now.} Qc2+ 44. Kg1 {Hoping for Qxh6+.} Qb1+ {[#]} 45. Kf2 $1 {Qxh6+ is the strong threat.} Qf5+ $2 (45... Qxa2+ 46. Ke1 Kg8) 46. Bf4 Qc2+ 47. Qe2 Qc5+ 48. Be3 Qf5+ 49. Ke1 Qb1+ 50. Qd1 Qe4 51. Qd2 Qh1+ 52. Ke2 Qg2+ $2 (52... Qxh2+ 53. Kf3 Qh1+ 54. Kf4 a6) 53. Kd3 Qd5+ 54. Kc2 Qc6+ 55. Kd1 Qh1+ {[#]} 56. Kc2 $2 (56. Qe1 $1 $18 {[%cal Re1h1]} Qxh2 57. Bd2) 56... Qe4+ $2 {[%mdl 8192]} (56... Qc6+ $1 $11 57. Kb2 a6) 57. Kb2 Qf5 58. Bd4 {And now Qxh6+ would win.} Qf6 59. Bc3 (59. Bxf6 $142 gxf6 60. Qxh6+ {[%mdl 64] Double Attack} Kg8 61. Qxf6 Kh7 62. h4 a5 63. h5 a4 64. h6 a3+ 65. Kc2 Kg8 66. Qg7#) 59... Kg8 60. Qc2 Qf7 61. a3 Qf8 62. b4 Qf7 63. Qd2 Qf8 64. Qd5+ Kh8 65. Qd2 $2 (65. Qxb5 $18 Qf2+ 66. Kb3) 65... Kh7 $2 {[%mdl 8192]} (65... Kg8 $11 66. Qd5+ Qf7 67. Qxb5 Qe7) 66. Bd4 Qf5 67. Bc3 $2 (67. Bxa7 $18 Qh5 68. Bd4) 67... Qg6 $2 {[%mdl 8192]} (67... Qf8 $11 68. Qd3+ Kh8 69. Qxb5 Qf2+ 70. Kb3 Qf7+ 71. Qc4 Qf5) 68. Qc2 Qxc2+ 69. Kxc2 {[%mdl 4096] Endgame KB-KP. White mates.} a6 {[#]} 70. a4 $1 h5 (70... bxa4 71. Kb2) 71. axb5 {KB-K3P} g6 72. Kd3 g5 73. g4 a5 74. gxh5 {KB-KPP} a4 75. h3 a3 76. Ba1 a2 77. b6 Kh6 78. b7 g4 79. b8=Q g3 80. Qa7 Kg5 81. Qa6 Kh4 82. Qg6 {[%csl Gh3][%cal Rg6g4]} Kxh3 {[#]} 83. Qxg3+ $3 {Accuracy: White = 56%, Black = 30%.} 1-0